Kent Quiz - Statistics

General Stats
  • This quiz has been taken 20 times
  • The average score is 5 of 15
Answer Stats
Hint Answer % Correct
City in France from which these are visible Calais
82%
City famous for pilgrimages Canterbury
82%
County Town Maidstone
76%
Town that lost its city status via an administrative mistake in 1998 Rochester
65%
Landmark visible from France on a clear day White Cliffs
65%
City within which much of western Kent lies London
47%
"Disney princess" who died in Gravesend in 1617 Pocahontas
41%
Major island in the Thames Sheppey
35%
Saint who converted the King of Kent to Christianity St Augustine
12%
Celtic "tribe" who gave their name to the county Cantiaci
6%
Name of the other Horsa
6%
Large forest that once covered much of Kent, but is now mostly cleared the Kentish Weald
6%
Name of one the mythical founders of the kingdom of Kent Hengist
0%
Female inhabitant of East Kent Maid of Kent
0%
Name of the dynasty who served as the rulers of Kent for most of its independent history Oiscingas
0%
No matching quizzes found
Score Distribution
Percent of People with Each Score
Percentile by Number Answered
Your Score History
You have not taken this quiz